Program odpadového hospodárstva Slovenskej republiky do roku 2005
Gespeichert in:
| Format: | Buch |
|---|---|
| Sprache: | Slowakisch |
| Veröffentlicht: |
Bratislava
EPOS
2002
|
| Schlagworte: | |
| Tags: |
Keine Tags, Fügen Sie das erste Tag hinzu!
|
MARC
| LEADER | 00000nam$a2200000$$$4500 | ||
|---|---|---|---|
| 001 | 0022395 | ||
| 005 | 20240318125805.4 | ||
| 020 | |a 80-8057-471-5 | ||
| 041 | 0 | |a slo | |
| 044 | |a SK | ||
| 245 | 1 | 0 | |a Program odpadového hospodárstva Slovenskej republiky do roku 2005 |
| 264 | 1 | |a Bratislava |b EPOS |c 2002 | |
| 300 | |a 127 s. | ||
| 610 | 2 | 0 | |a odpad |
| 610 | 2 | 0 | |a hospodárstvo odpadové |
| 610 | 2 | 0 | |a ochrana prostredia životného |
| 610 | 2 | 0 | |a úpravy právne |
| 610 | 2 | 0 | |a riadenie |
| 610 | 2 | 0 | |a zákony |
| 610 | 2 | 0 | |a skládky odpadu |
| 610 | 2 | 0 | |a prognózy |
| 610 | 2 | 0 | |a politika environmentálna |
| 610 | 2 | 0 | |a Slovensko |